| 000 | 01122nam a2200313Ia 4500 | ||
|---|---|---|---|
| 003 | OSt | ||
| 005 | 20221007123614.0 | ||
| 006 | a|||||r|||| 00| 0 | ||
| 007 | ta | ||
| 008 | 221006b |||||||| |||| 00| 0 eng d | ||
| 020 |
_a8175569093 (pbk) _cRs.145.00 |
||
| 024 | _a76802 | ||
| 037 |
_b1746, 02/03/2007, Unilib Book Distributors _cTextbook |
||
| 040 |
_aPAPL _cPAPL _beng |
||
| 041 |
_2eng _aeng |
||
| 082 | _aC:f3, P6 Carpa | ||
| 100 |
_aVarier K Muraleedhara _9717476 |
||
| 245 | 0 |
_aAdvanced experimental techniques in modern physics _b Joseph Antony Pradyumnan P P |
|
| 260 |
_aMeerut _bPragati Prakashan _c2006 |
||
| 300 |
_axii,246+v.p _ccm. |
||
| 500 | _aAppendix A-B 238-244p; Bibliography 245-246p; Index i-iiip | ||
| 650 |
_a Experimental techniques _9717477 |
||
| 650 |
_a Modern physics _9715172 |
||
| 650 | _aPhysics | ||
| 700 |
_a Joseph Antony _9717478 |
||
| 700 |
_a Pradyumnan P P _9717479 |
||
| 942 |
_hC:f3, P6 Carpa _cTB _2CC |
||
| 999 |
_c1212186 _d1212186 |
||